000 00744 a2200241 4500
005 20251120104527.0
008 251016b |||||||| |||| 00| 0 eng d
020 _a9781529682281 (pbk)
037 _cTB
040 _aCRL
_cCRL
041 _2eng
_aeng
084 _aY6 R5
_qCRL
100 _aGoodley, Dan
_9821269
245 _aDisability studies:
_ban interdisciplinary introduction
250 _a3rd Ed.
260 _aLondon, UK:
_bSage,
_c2025.
300 _axv, 251p.
365 _b35.99
_cUKP
650 _aSociology
_9848639
650 _aDisabilities
_9848640
942 _cTB
_2CC
_n0
_e3rd Ed.
_hY6 R5
999 _c1435381
_d1435381